Powered by happy : (Record no. 554327)
[ view plain ]
| 000 -LEADER | |
|---|---|
| fixed length control field | 00661cam a2200193 a 4500 |
| 020 ## - INTERNATIONAL STANDARD BOOK NUMBER | |
| International Standard Book Number | 1402226969 (pbk.) |
| 020 ## - INTERNATIONAL STANDARD BOOK NUMBER | |
| International Standard Book Number | 9781402226960 (pbk.) |
| 082 00 - DEWEY DECIMAL CLASSIFICATION NUMBER | |
| Classification number | 650.1 |
| 100 1# - MAIN ENTRY--PERSONAL NAME | |
| Personal name | Thomas, Beth, |
| 9 (RLIN) | 51779 |
| 245 10 - TITLE STATEMENT | |
| Title | Powered by happy : |
| Remainder of title | how to get and stay happy at work (boost performance, increase success, and transform your workday) / |
| Statement of responsibility, etc. | Beth Thomas. |
| 260 ## - PUBLICATION, DISTRIBUTION, ETC. | |
| Place of publication, distribution, etc. | Naperville, Ill. : |
| Name of publisher, distributor, etc. | Sourcebooks, |
| Date of publication, distribution, etc. | c2010. |
| 300 ## - PHYSICAL DESCRIPTION | |
| Extent | xxi, 230 p. ; |
| Dimensions | 18 cm. |
| 526 ## - STUDY PROGRAM INFORMATION NOTE | |
| Program name | 0 |
| Interest level | 0 |
| Reading level | 0 |
| Title point value | 650_100000000000000 |
| 650 #0 - SUBJECT ADDED ENTRY--TOPICAL TERM | |
| Topical term or geographic name entry element | Employee motivation. |
| 9 (RLIN) | 4008 |
| 650 #0 - SUBJECT ADDED ENTRY--TOPICAL TERM | |
| Topical term or geographic name entry element | Happiness. |
| 9 (RLIN) | 32495 |
| 650 #0 - SUBJECT ADDED ENTRY--TOPICAL TERM | |
| Topical term or geographic name entry element | Job satisfaction. |
| 9 (RLIN) | 10346 |
| 650 #0 - SUBJECT ADDED ENTRY--TOPICAL TERM | |
| Topical term or geographic name entry element | Work and family. |
| 9 (RLIN) | 51780 |
| 942 ## - ADDED ENTRY ELEMENTS (KOHA) | |
| Source of classification or shelving scheme | |
| Koha item type | Book |
| Withdrawn status | Lost status | Source of classification or shelving scheme | Damaged status | Not for loan | Permanent Location | Current Location | Date acquired | Total Checkouts | Full call number | Barcode | Date last seen | Price effective from | Koha item type |
|---|---|---|---|---|---|---|---|---|---|---|---|---|---|
| Military College of Engineering (MCE) | Military College of Engineering (MCE) | 12/16/2019 | 650.1 | MCE-51395 | 12/16/2019 | 12/16/2019 | Book |
